000 00614nam a22002057a 4500
999 _c21386
_d21386
003 OSt
005 20210609090255.0
008 170127b xxu||||| |||| 00| 0 eng d
010 _a 2006027950
020 _a0785214941
020 _a9780785214946
040 _aMMU
_cMMU
_dMMU
_beng
050 0 0 _aBV4501.3
_b.M3755 2006
100 1 _aMcManus, Erwin Raphael.
245 1 0 _aSoul cravings :
_ban exploration of the human spirit /
_cErwin Raphael McManus.
260 _aNashville, Tenn. :
_bNelson Books,
_cc2006.
300 _a1 v. (unpaged) :
_bill. ;
_c22 cm.
650 0 _aSpirituality.
942 _2lcc
_cLOAN LOAN